Responses for show #8336 - Monday, February 15, 2021

Contestants

[<< previous game]

Phil Hoffman, a graduate student originally from Mountain Lakes, New Jersey

Karen Ellestad, a chaplain originally from Frankfort, Kentucky

Lance St. Laurent, a Ph.D. student from Madison, Wisconsin (whose 1-day cash winnings total $19,600)

[next game >>]

Jeopardy! Round responses

21st CENTURY NEWS
ANYONE FOR TENNIS?
4-LETTER VERBS
FOOD & DRINK RETRONYMS
MICHAEL WROTE
THE BOAT, ASHORE
    $200 1
WikiLeaks

Lance
    $200 26
(Lance: What is Wimbledon?)

the U.S. Open

LancePhil
    $200 6
(Lance: What is [**]?)
(Ken: Yes, we will accept [**]; [*], also.)

beat (bang)

Lance
    $200 12
sweet potatoes

Lance
    $200 16
Israel

Phil
    $200 21
amphibious

Karen
    $400 2
the Arab Spring

Karen
    $400 27
Roger Federer

Lance
    $400 7
file

Karen
    $400 11
on the cob

Lance
    $400 17
Toto

Karen
    $400 22
Noah's Ark

Karen
    $600 3
Putin

Lance
    $600 28
(Lance: What is volley?)

a rally

Lance
Triple Stumper
    $600 8
case

Lance
    $600 13
brown

Karen
    $600 18
Michael J. Fox

Lance
    $600 23
the Vikings

Phil
    $800 4
(Karen: What is Chile?)

Thailand

KarenPhil
    $800 29
(Phil: Who is Kournikova?)
...
(Ken: Lance thought of it, just too late.)

Maria Sharapova

Phil
Triple Stumper
    $800 9
(Phil: What is to dole?)

to dish

KarenPhil
    $800 14
gin

Lance
    $2,500 19
(Ken: Author of Jurassic Park, that's correct.)

Michael Crichton

Lance
    $800 24
(Phil: What is the Strait of Gibraltar?)

the English Channel

LancePhil
    $1000 5
the Large Hadron Collider

Lance
    $1000 30
the Davis Cup

Triple Stumper
    $1000 10
pace

Phil
    $1000 15
licorice

Lance
    $1000 20
(Harry) Bosch

Lance
    $1000 25
(Lance: [Using accent] Who is [*]?)
(Ken: Correct. And the impression, very nice.)

Werner Herzog

Lance

Scores at the first commercial break (after clue 15):

Lance Karen Phil
$5,000 $1,400 $1,000

Scores at the end of the Jeopardy! Round:

Lance Karen Phil
$10,500 $2,400 $400

Double Jeopardy! Round responses

SPECIFIC HOSPITAL
MEAN TWEETERS
ALTERNATE ANTHEMS
(Ken: These are songs that have been proposed to replace "The Star-Spangled Banner".)
1821
A PLACE LIKE RIVER HILL
(Ken: Each clue here is about a place with two different geographic features in its name, like the made-up "River Hill".)
"AU" CONTRAIRE
    $400 4
(Ken: They are [*], yes.)

Angry Birds

Karen
    $400 28
(Lance: What is the Redwood Forest?)
...
[The end-of-round signal sounds.]

California

LancePhil
    $400 27
Missouri

Karen
    $400 24
(Phil: What is Santa Fe?)
...
(Ken: Less than a minute now, Karen.)

Phoenix, Arizona

Phil
Triple Stumper
    $400 9
taut

Lance
    $800 5
Hitchcock

Karen
    $800 26
"America The Beautiful"

Phil
    $800 1
(Lance: What is The New York Post?)
(Phil: What is The Washington Post?)

The Saturday Evening Post

LancePhil
Triple Stumper
    $800 23
(Lance: What is Segundo?)

(El) Toro

LanceKaren
    $800 10
mauve

Lance
    $1200 25
(Ken: That's [*], where they took President Kennedy.)

Dallas

Triple Stumper
    $1200 6
the Washington Nationals

Triple Stumper
    $4,500 17
(Phil: What is "You've Got A Friend In Me"?)

"Lean On Me"

Phil
    $1200 2
cotton

Phil
    $1200 20
(Stephen) Austin

Phil
    $1200 11
mauled

Phil
    $1600 18
Sloan Kettering

Phil
    $1600 7
the Roc

Karen
    $1600 13
Grand Old Flag

Lance
    $1600 3
Spain

Lance
    $1600 21
Acadia National Park

Karen
    $1600 14
gaunt

Triple Stumper
    $2000 19
the Cleveland Clinic

Phil
    $2000 8
(Lance: What is "If I Saw An Elephant Fly"?)
(Karen: What is "I'd Never Seen An Elephant Fly"?)

"When I See An Elephant Fly"

LanceKaren
Triple Stumper
    $2000 16
"Lift Every Voice And Sing"

Phil
    $2000 12
(Karen: What is Edward?)

George IV

Karen
Triple Stumper
    $800 22
Nassau County

Karen
    $2000 15
daubs

Phil

Scores at the end of the Double Jeopardy! Round:

Lance Karen Phil
$10,900 $4,800 $7,100

[wagering suggestions for these scores]

Final Jeopardy! Round responses

PLAYWRIGHTS
(Ken: [To Karen] Yes, his Pittsburgh Cycle, including plays like Fences and The Piano Lesson.)
KarenWho is August Wilson?
$3,000
PhilWho is August Wilson?
$7,095
LanceWho is Sondheim?
$4,100
August Wilson

Final scores:

Lance Karen Phil
$6,800 $7,800 $14,195
3rd place: $1,000 2nd place: $2,000 New champion: $14,195

Game dynamics:

Coryat scores:

Lance Karen Phil
$9,200 $6,000 $11,600
19 R
(including 1 DD),
6 W
14 R
(including 1 DD),
3 W
14 R,
6 W
(including 1 DD)

Combined Coryat: $26,800

The J! Archive is created by fans, for fans. The Jeopardy! game show and all elements thereof, including but not limited to copyright and trademark thereto, are the property of Jeopardy Productions, Inc. and are protected under law. This website is not affiliated with, sponsored by, or operated by Jeopardy Productions, Inc. Join the discussion at JBoard.tv.